|
|
|
|
| LEADER |
00708cam a2200205 7i4500 |
| 001 |
0000022710 |
| 005 |
20190613090000.0 |
| 008 |
080612 eng |
| 020 |
|
|
|a 978120311275
|
| 020 |
|
|
|a 8120311272 (pbk.)
|
| 090 |
0 |
0 |
|a TA350
|b .S53 2007
|
| 100 |
1 |
|
|a Shames, Irving H
|
| 245 |
1 |
0 |
|a Engineering mechanics :
|b statics and dynamics
|c Irving H. Shames.
|
| 250 |
|
|
|a 4th ed.
|
| 260 |
|
|
|a New Delhi:
|b Prentice Hall of India Pvt. Ltd.,
|c 2007.
|
| 300 |
|
|
|a xvi, 1024 p.:
|b ill.;
|c 26 cm.
|
| 500 |
|
|
|a Includes index
|
| 650 |
0 |
0 |
|a Mechanics --
|x Applied
|
| 997 |
|
|
|a Engineering & Life Sciences, Faculty
|b Engineering, Department
|
| 999 |
|
|
|a 0000031235
|b BOK
|c OPEN SHELF
|e 2nd Floor, Bestari Jaya
|